000 00573nam a22001577a 4500
003 OSt
005 20151002142109.0
008 151002b xxu||||| |||| 00| 0 eng d
040 _cRUA
082 _2AVM OUK 1995 B069 Or.1
100 _91762
_aOUK POUV
245 _aUsing newcastle disease vaccine on chickens in takeo province, (ការប្រើប្រាស់វ៉ាក់សំាងជម្ងឺញីវកាសមាន់ នៅខេត្តតាកែវ)
260 _aphnom penh
_bRUA
_c1995
300 _a68p.
_bill.
_c29cm.
942 _2ddc
_cAVM
999 _c1663
_d1663